[Event "BL 2324 SV Werder Bremen - SK Kirchweyhe"]
[Site "?"]
[Date "2024.02.23"]
[Round "9.6"]
[White "Aditya Mittal"]
[Black "Jovanovic, Zoran"]
[Result "1-0"]
[WhiteElo "2588"]
[BlackElo "2525"]
[PlyCount "89"]
[EventDate "2024.??.??"]

1. d4 d6 2. Nf3 Nf6 3. c4 g6 4. Nc3 Bg7 5. e4 O-O 6. Be2 e5 7. O-O Bg4 8. d5 a5 9. h3 Bxf3 10. Bxf3 Nbd7 11. Rb1 h5 12. Bg5 Qc8 13. a3 Nh7 14. Bd2 Bf6 15. b4 Bg5 16. Be1 h4 17. Nb5 b6 18. Be2 Qd8 19. Bd3 Nhf6 20. Bc3 Nh5 21. Re1 Kh7 22. Be2 Ng7 23. Qc2 f5 24. Bf3 Bf4 25. Bb2 Rf7 26. Kh1 Kg8 27. Re2 Kh7 28. Rg1 Bh6 29. Ree1 Bf4 30. Bc3 Bh6 31. Rd1 Bg5 32. Rb1 Bf4 33. Qe2 axb4 34. axb4 Nf6 35. exf5 gxf5 36. g3 hxg3 37. fxg3 Bh6 38. g4 e4 39. g5 exf3 40. Qxf3 Bxg5 41. Rxg5 Nfe8 42. Qf4 Qe7 43. Re1 Qf8 44. Qh4+ Kg8 45. Rg6 1-0

[Event "BL 2324 SV Werder Bremen - SK Kirchweyhe"]
[Site "?"]
[Date "2024.02.23"]
[Round "9.7"]
[White "Kovacevic, Aleksandar"]
[Black "Pruijssers, Roeland"]
[Result "1/2-1/2"]
[WhiteElo "2453"]
[BlackElo "2536"]
[PlyCount "51"]
[EventDate "2024.??.??"]

1. e4 e5 2. Nf3 Nf6 3. Nxe5 d6 4. Nf3 Nxe4 5. d4 d5 6. Bd3 Bd6 7. O-O O-O 8. c4 c6 9. Nc3 Nxc3 10. bxc3 dxc4 11. Bxc4 Bf5 12. Ng5 h6 13. Qf3 Bg6 14. Ne4 Bxh2+ 15. Kxh2 Qh4+ 16. Qh3 Qxh3+ 17. gxh3 Bxe4 18. Rg1 Re8 19. Bxh6 g6 20. h4 Nd7 21. h5 Kh7 22. Be3 Bd5 23. Bd3 Be4 24. Bc4 Bd5 25. Bd3 Be4 26. Bc4 1/2-1/2

[Event "BL 2324 SV Werder Bremen - SK Kirchweyhe"]
[Site "?"]
[Date "2024.02.23"]
[Round "9.8"]
[White "Reuker, Jari"]
[Black "Zelcic, Robert"]
[Result "1-0"]
[WhiteElo "2369"]
[BlackElo "2483"]
[PlyCount "61"]
[EventDate "2024.??.??"]

1. d4 Nf6 2. c4 e6 3. Nf3 d5 4. g3 dxc4 5. Bg2 Bb4+ 6. Bd2 a5 7. a3 Be7 8. Qa4+ Nbd7 9. Qxc4 c5 10. Nc3 O-O 11. dxc5 Nxc5 12. Be3 b6 13. Ne5 Ba6 14. Qa2 Rc8 15. O-O Qe8 16. b4 Na4 17. Nxa4 Qxa4 18. Bxb6 Rc2 19. Qb1 Bxe2 20. Re1 Nd5 21. bxa5 Bf6 22. Ra2 Rfc8 23. Nd7 Be7 24. Bxd5 exd5 25. Nc5 R2xc5 26. Raxe2 Bf8 27. Bxc5 Rxc5 28. Re8 Rb5 29. Qf5 g6 30. Qc8 Qxa3 31. Rxf8+ 1-0

[Event "BL 2324 MSA Zugzwang - FC Bayern Münche"]
[Site "?"]
[Date "2024.02.23"]
[Round "9.1"]
[White "Santos Latasa, Jaime"]
[Black "Eljanov, Pavel"]
[Result "1/2-1/2"]
[WhiteElo "2612"]
[BlackElo "2699"]
[PlyCount "111"]
[EventDate "2024.??.??"]

1. e4 e5 2. Nf3 Nc6 3. Bb5 a6 4. Ba4 Nf6 5. O-O Be7 6. Re1 b5 7. Bb3 O-O 8. c3 d5 9. exd5 Nxd5 10. Nxe5 Nxe5 11. Rxe5 Bb7 12. d4 Bf6 13. Re1 Re8 14. Na3 b4 15. cxb4 Nxb4 16. Be3 a5 17. Nb5 Nd5 18. Nc3 Nxe3 19. fxe3 c5 20. Bxf7+ Kxf7 21. Qb3+ Kf8 22. Qxb7 cxd4 23. Nd5 Rb8 24. Qc6 Kg8 25. Nxf6+ gxf6 26. Rad1 Qb6 27. Qd5+ Qe6 28. Qxd4 Rb4 29. Qc3 Rc8 30. Qd2 Qxa2 31. Qd7 Rf8 32. Re2 Rxb2 33. Rxb2 Qxb2 34. Qd5+ Kh8 35. Qxa5 Rg8 36. g3 Qe2 37. Re1 Qf3 38. Qd2 Re8 39. Qd4 Re4 40. Qb2 Kg7 41. Qf2 Qxf2+ 42. Kxf2 Ra4 43. Kf3 h5 44. Rd1 Ra2 45. h3 Kg6 46. Rd4 Rh2 47. Ra4 Rh1 48. Kg2 Re1 49. Kf2 Rb1 50. h4 Rb2+ 51. Kf3 Rh2 52. Ra5 Rh1 53. Kg2 Re1 54. Kf3 Rh1 55. Kg2 Re1 56. Kf3 1/2-1/2

[Event "BL 2324 MSA Zugzwang - FC Bayern Münche"]
[Site "?"]
[Date "2024.02.23"]
[Round "9.2"]
[White "Shengelia, David"]
[Black "Huschenbeth, Niclas"]
[Result "1/2-1/2"]
[WhiteElo "2480"]
[BlackElo "2618"]
[PlyCount "61"]
[EventDate "2024.??.??"]

1. d4 Nf6 2. c4 e6 3. Nc3 Bb4 4. e3 O-O 5. Nf3 c5 6. Bd3 d5 7. cxd5 exd5 8. dxc5 Bg4 9. O-O Nbd7 10. Na4 Nxc5 11. Nxc5 Bxc5 12. h3 Bh5 13. b3 Qe7 14. Bb2 Ne4 15. Be2 Rad8 16. Nd4 Bg6 17. Rc1 a6 18. Bd3 Bd6 19. Ne2 Rfe8 20. Bd4 Qg5 21. f4 Qe7 22. Bxe4 Bxe4 23. Ng3 Ba3 24. Nxe4 Bxc1 25. Nf6+ gxf6 26. Qg4+ Kh8 27. Rxc1 Rd6 28. Kh2 Rg8 29. Kh1 Rg6 30. Qf5 Rd8 31. Rc8 {Rd6 Qg4+ Rg8} 1/2-1/2

[Event "BL 2324 MSA Zugzwang - FC Bayern Münche"]
[Site "?"]
[Date "2024.02.23"]
[Round "9.3"]
[White "Idani, Pouya"]
[Black "Kindermann, Stefan"]
[Result "1-0"]
[WhiteElo "2605"]
[BlackElo "2443"]
[PlyCount "93"]
[EventDate "2024.??.??"]

1. e4 e6 2. d4 d5 3. e5 c5 4. c3 Nc6 5. Nf3 Bd7 6. Be2 Nge7 7. O-O cxd4 8. cxd4 Nf5 9. Nc3 Rc8 10. Kh1 a6 11. a3 h5 12. Be3 Be7 13. Bd3 g6 14. Bxf5 gxf5 15. Ne1 Na5 16. Nd3 Qb6 17. Rb1 Bb5 18. Nxb5 Qxb5 19. b4 Nc4 20. a4 Qc6 21. Bc1 Nb6 22. Nc5 Nc4 23. Qf3 h4 24. g4 hxg3 25. fxg3 b6 26. b5 axb5 27. axb5 Qa8 28. Na6 Kd7 29. Ra1 Qb7 30. Ra2 f6 31. exf6 Bxf6 32. Bf4 Bxd4 33. Nb4 Na5 34. Rd1 Rc4 35. Nc6 Nxc6 36. bxc6+ Qxc6 37. Ra7+ Ke8 38. Re1 Kf8 39. Rc7 Qa4 40. Bd6+ Kg8 41. Rb7 Qc6 42. Rb8+ Kg7 43. Rxh8 Rc1 44. Qh5 Rxe1+ 45. Kg2 Qxd6 46. Qh6+ Kf7 47. Rh7+ 1-0

[Event "BL 2324 MSA Zugzwang - FC Bayern Münche"]
[Site "?"]
[Date "2024.02.23"]
[Round "9.4"]
[White "Hertneck, Gerald"]
[Black "Santos Ruiz, Miguel"]
[Result "0-1"]
[WhiteElo "2434"]
[BlackElo "2596"]
[PlyCount "116"]
[EventDate "2024.??.??"]

1. d4 Nf6 2. c4 e6 3. Nf3 d5 4. Nc3 c6 5. cxd5 exd5 6. Bg5 h6 7. Bf4 Bf5 8. e3 Nbd7 9. Bd3 Bxd3 10. Qxd3 Be7 11. h3 a5 12. O-O O-O 13. Bh2 Re8 14. Rac1 Bf8 15. Ne5 Nxe5 16. Bxe5 Re6 17. Na4 Nd7 18. Bf4 Qf6 19. Bc7 h5 20. a3 Qg5 21. Kh1 h4 22. Qd2 Nf6 23. Nc3 Nh5 24. Ne2 a4 25. Nf4 Nxf4 26. Bxf4 Qe7 27. Rc5 Qd8 28. Rc3 g6 29. Ra1 Ra6 30. Kg1 Ra8 31. Rb1 Qe7 32. Qc2 Ra6 33. Qd1 Bg7 34. Qg4 Bf6 35. Rc5 Kg7 36. Rbc1 Re4 37. Qf3 g5 38. Qg4 Bxd4 39. R5c2 Bf6 40. f3 Re6 41. Kh1 Kf8 42. Bh2 Rxe3 43. Bg1 Re1 44. g3 Rxc1 45. Rxc1 Qe6 46. gxh4 Qxg4 47. hxg4 gxh4 48. Rb1 Ra5 49. b4 axb3 50. Rxb3 b5 51. Bc5+ Be7 52. Bb4 Bxb4 53. axb4 Ra2 54. Rc3 Ke7 55. Rxc6 d4 56. f4 d3 57. Rc1 Re2 58. Rd1 d2 0-1

[Event "BL 2324 MSA Zugzwang - FC Bayern Münche"]
[Site "?"]
[Date "2024.02.23"]
[Round "9.5"]
[White "Dragnev, Valentin"]
[Black "Zysk, Robert"]
[Result "1-0"]
[WhiteElo "2571"]
[BlackElo "2389"]
[PlyCount "95"]
[EventDate "2024.??.??"]

1. e4 e6 2. d4 d5 3. Nd2 c5 4. Ngf3 Nf6 5. e5 Nfd7 6. c3 Be7 7. Bd3 b6 8. O-O Ba6 9. Ne1 Bxd3 10. Nxd3 Nc6 11. Qg4 g6 12. Nf3 h5 13. Qg3 Qc7 14. Be3 O-O-O 15. dxc5 Nxc5 16. Nxc5 Bxc5 17. Bxc5 bxc5 18. b4 h4 19. Qf4 Rh5 20. Rfe1 Rf5 21. Qe3 c4 22. Rad1 Rh5 23. b5 Ne7 24. Rb1 Qb6 25. Qf4 Nf5 26. Rb4 Rd7 27. Reb1 Rb7 28. a4 Rh8 29. Ra1 Qc5 30. Rab1 Qb6 31. g4 hxg3 32. hxg3 Qd8 33. Kg2 Qf8 34. a5 Qh6 35. Qxh6 Rxh6 36. a6 Rb6 37. Ng5 Kd7 38. Nxf7 Rh7 39. Ng5 Rh5 40. Nf3 Rh8 41. Rd1 Ke7 42. Rbb1 Kd7 43. Rg1 Rbb8 44. Kf1 Kc7 45. Ke2 Kb6 46. g4 Nh4 47. Ng5 Rbe8 48. Rg3 1-0

[Event "BL 2324 MSA Zugzwang - FC Bayern Münche"]
[Site "?"]
[Date "2024.02.23"]
[Round "9.6"]
[White "Kruckenhauser, Arthur"]
[Black "Alonso Rosell, Alvar"]
[Result "1/2-1/2"]
[WhiteElo "2351"]
[BlackElo "2564"]
[PlyCount "72"]
[EventDate "2024.??.??"]

1. e4 c6 2. Nf3 d5 3. Nc3 Bg4 4. h3 Bxf3 5. Qxf3 e6 6. Be2 Bc5 7. O-O Ne7 8. exd5 exd5 9. Rd1 O-O 10. d4 Bd6 11. Bd3 Nd7 12. Ne2 Bc7 13. h4 Re8 14. g3 Nf8 15. c3 Nc8 16. Bg5 Qd7 17. Bf5 Ne6 18. Bf4 Nd6 19. Bxd6 Qxd6 20. Re1 Re7 21. Kf1 Rae8 22. Ng1 g6 23. Bxe6 fxe6 24. Qg4 e5 25. dxe5 Rxe5 26. Nf3 Re4 27. Rxe4 dxe4 28. Ng5 Bb6 29. Re1 Qf6 30. Re2 e3 31. Kg2 h6 32. Nh3 Qf7 33. fxe3 Rxe3 34. Rxe3 Bxe3 35. Qe4 Bc1 36. b3 Bd2 1/2-1/2

[Event "BL 2324 MSA Zugzwang - FC Bayern Münche"]
[Site "?"]
[Date "2024.02.23"]
[Round "9.7"]
[White "Bischoff, Klaus"]
[Black "Zeller, Frank"]
[Result "1/2-1/2"]
[WhiteElo "2453"]
[BlackElo "2329"]
[PlyCount "53"]
[EventDate "2024.??.??"]

1. g3 d5 2. Bg2 e5 3. Nf3 Nc6 4. d3 Be6 5. O-O f6 6. Nc3 Qd7 7. e4 d4 8. Ne2 O-O-O 9. Ne1 h5 10. f4 h4 11. f5 Bf7 12. g4 g6 13. fxg6 Bxg6 14. h3 Qh7 15. Bd2 Bh6 16. b4 Bxd2 17. Qxd2 Qh6 18. Qxh6 Rxh6 19. b5 Nce7 20. c3 dxc3 21. Nxc3 Be8 22. a4 c6 23. bxc6 Bxc6 24. Kf2 Ng6 25. Ke3 Rh7 26. Rf2 Rhd7 27. Bf1 1/2-1/2

[Event "BL 2324 MSA Zugzwang - FC Bayern Münche"]
[Site "?"]
[Date "2024.02.23"]
[Round "9.8"]
[White "Gerigk, Erasmus"]
[Black "Lokander, Martin"]
[Result "0-1"]
[WhiteElo "2310"]
[BlackElo "2452"]
[PlyCount "86"]
[EventDate "2024.??.??"]

1. e4 e5 2. Nf3 Nc6 3. Bc4 Nf6 4. Ng5 d5 5. exd5 Na5 6. Bb5+ Bd7 7. Qe2 Bd6 8. Nc3 c6 9. dxc6 Nxc6 10. Nge4 Nxe4 11. Nxe4 Be7 12. c3 f5 13. Ng3 O-O 14. d3 Kh8 15. Bc4 Qc7 16. O-O Rad8 17. b4 e4 18. d4 Bxb4 19. cxb4 Nxd4 20. Qb2 Qxc4 21. Bg5 Qd5 22. Bxd8 Rxd8 23. Rac1 Bb5 24. Rfd1 Bd3 25. Qd2 h6 26. Kh1 Qd6 27. Re1 Qg6 28. Qf4 Kh7 29. h4 Rf8 30. a3 Ne6 31. Qe5 Rf6 32. Rc8 Qg4 33. h5 f4 34. Nxe4 Rf5 35. Qc3 f3 36. Ng3 fxg2+ 37. Kh2 Nf4 38. Rc5 Qh4+ 39. Kg1 Nh3+ 40. Kh2 Nf4+ 41. Kg1 Nh3+ 42. Kh2 g1=Q+ 43. Rxg1 Nf4# 0-1

[Event "BL 2324 SC Ötigheim - OSG Baden-Baden"]
[Site "?"]
[Date "2024.02.23"]
[Round "9.1"]
[White "Anand, Viswanathan"]
[Black "Abasov, Nijat"]
[Result "1-0"]
[WhiteElo "2748"]
[BlackElo "2641"]
[PlyCount "93"]
[EventDate "2024.??.??"]

1. e4 c5 2. Nf3 Nc6 3. Bb5 e6 4. O-O Nge7 5. Re1 b6 6. c3 a6 7. Be2 d5 8. exd5 Nxd5 9. d4 Be7 10. dxc5 bxc5 11. c4 Nf6 12. Qxd8+ Bxd8 13. Nc3 Nd4 14. Nxd4 cxd4 15. Bf3 Ra7 16. Na4 Ba5 17. Re2 Bd7 18. Nc5 Rc7 19. Re5 Bb6 20. Nxa6 Rxc4 21. b3 Rc3 22. Bd2 Rc2 23. Ba5 Bxa5 24. Rxa5 Ke7 25. Nb4 Rc3 26. Rd1 Rb8 27. Nd3 Rb5 28. Ra7 g5 29. h3 Kd6 30. b4 h5 31. a4 Rb8 32. b5 g4 33. hxg4 hxg4 34. Be2 Be8 35. Ra6+ Kd5 36. f3 g3 37. Bf1 Nh5 38. Nb4+ Ke5 39. Re1+ Kf5 40. Rd6 Ra8 41. Na6 e5 42. b6 Rb3 43. Nc5 Re3 44. Rxe3 dxe3 45. b7 Rb8 46. a5 Nf4 47. Ne4 1-0

[Event "BL 2324 SC Ötigheim - OSG Baden-Baden"]
[Site "?"]
[Date "2024.02.23"]
[Round "9.2"]
[White "Iturrizaga Bonelli, Eduardo"]
[Black "Rapport, Richard"]
[Result "0-1"]
[WhiteElo "2602"]
[BlackElo "2717"]
[PlyCount "80"]
[EventDate "2024.??.??"]

1. c4 g6 2. e4 Bg7 3. d4 d6 4. Nc3 Nf6 5. Be2 O-O 6. Be3 Na6 7. h3 c6 8. Nf3 e5 9. d5 Nh5 10. O-O Nf4 11. Re1 Nxe2+ 12. Qxe2 c5 13. Kh1 f5 14. exf5 gxf5 15. Rg1 e4 16. Bg5 Qe8 17. Nh4 Nb4 18. Rad1 Bd7 19. g3 Nd3 20. Rxd3 exd3 21. Qxd3 a6 22. Qd2 b5 23. Re1 Qh5 24. Bf4 Rfe8 25. Bxd6 Rxe1+ 26. Qxe1 Re8 27. Be7 Qf7 28. d6 Qxc4 29. Qd2 Qd4 30. Qe2 Qe5 31. Qd1 f4 32. g4 Qd4 33. Qf3 b4 34. Ne2 Qd1+ 35. Kg2 Rc8 36. Qb3+ Qxb3 37. axb3 Bxb2 38. Nxf4 c4 39. bxc4 b3 40. Nd5 Bg7 0-1

[Event "BL 2324 SC Ötigheim - OSG Baden-Baden"]
[Site "?"]
[Date "2024.02.23"]
[Round "9.3"]
[White "Aronian, Levon"]
[Black "Oleksiyenko, Mykhaylo"]
[Result "1/2-1/2"]
[WhiteElo "2725"]
[BlackElo "2567"]
[PlyCount "81"]
[EventDate "2024.??.??"]

1. d4 d5 2. Nf3 e6 3. c4 Nf6 4. e3 b6 5. Nc3 Bb7 6. cxd5 exd5 7. Qa4+ c6 8. Bd3 Be7 9. O-O O-O 10. Rd1 Nbd7 11. Qc2 Re8 12. b3 Rc8 13. Bb2 Bd6 14. Bf5 Qe7 15. Re1 g6 16. Bh3 Rcd8 17. Ne2 Ne4 18. Nf4 Ndf6 19. Nd3 Bc8 20. Bxc8 Rxc8 21. Rad1 c5 22. dxc5 bxc5 23. Nf4 Bxf4 24. exf4 d4 25. Nd2 Qb7 26. Nc4 Qc7 27. Ne5 Nd6 28. b4 cxb4 29. Qxc7 Rxc7 30. Rxd4 Nc4 31. Rc1 Nxe5 32. Rxc7 Nc4 33. g3 Nxb2 34. Rxa7 Rb8 35. Kf1 b3 36. axb3 Rxb3 37. Rc7 Kg7 38. Ke2 h5 39. Rc2 Ng4 40. h3 Nh6 41. Rc7 1/2-1/2

[Event "BL 2324 SC Ötigheim - OSG Baden-Baden"]
[Site "?"]
[Date "2024.02.23"]
[Round "9.6"]
[White "Riehle, Marco"]
[Black "Vitiugov, Nikita"]
[Result "0-1"]
[WhiteElo "2361"]
[BlackElo "2687"]
[PlyCount "74"]
[EventDate "2024.??.??"]

1. e4 c5 2. Nf3 d6 3. d4 cxd4 4. Nxd4 Nf6 5. Nc3 a6 6. Be3 e5 7. Nb3 Be6 8. f3 Nbd7 9. Qd2 h5 10. O-O-O b5 11. Kb1 Rc8 12. a3 Be7 13. f4 Qc7 14. Nd5 Bxd5 15. exd5 Ne4 16. Qd3 f5 17. Be2 g6 18. Bf3 Ndf6 19. Bxe4 Nxe4 20. Nd2 Nf6 21. Nb3 Ne4 22. Nd2 Nxd2+ 23. Qxd2 e4 24. Bd4 Rh7 25. Bc3 Qa7 26. g3 Bf8 27. h3 Rhc7 28. g4 Rxc3 29. bxc3 Bg7 30. gxf5 Qc5 31. Ka2 Qc4+ 32. Kb1 Bxc3 33. Qg2 Bf6 34. Qd2 Qa4 35. Qc1 b4 36. Rh2 bxa3 37. fxg6 a2# 0-1

[Event "BL 2324 SC Ötigheim - OSG Baden-Baden"]
[Site "?"]
[Date "2024.02.23"]
[Round "9.7"]
[White "Wojtaszek, Radoslaw"]
[Black "Georgiev, Kiril"]
[Result "1/2-1/2"]
[WhiteElo "2666"]
[BlackElo "2542"]
[PlyCount "42"]
[EventDate "2024.??.??"]

1. d4 Nf6 2. c4 e6 3. Nf3 d5 4. Nc3 c6 5. Bg5 h6 6. Bh4 Be7 7. e3 Nbd7 8. Bd3 O-O 9. O-O dxc4 10. Bxc4 c5 11. Qe2 a6 12. dxc5 Nxc5 13. Rfd1 Qe8 14. a4 b6 15. e4 Bb7 16. e5 Nfe4 17. Nxe4 Nxe4 18. Bd3 Nc5 19. Bxe7 Qxe7 20. Bc2 a5 21. Rd6 Rab8 1/2-1/2

[Event "BL 2324 SC Viernheim - Schachfreunde Dei"]
[Site "?"]
[Date "2024.02.23"]
[Round "9.2"]
[White "Abdusattorov, Nodirbek"]
[Black "Kamsky, Gata"]
[Result "1-0"]
[WhiteElo "2744"]
[BlackElo "2623"]
[PlyCount "51"]
[EventDate "2024.??.??"]

1. e4 c5 2. Nf3 e6 3. d4 cxd4 4. Nxd4 Nc6 5. Nc3 Qc7 6. Be3 a6 7. Bd3 b5 8. Nxc6 Qxc6 9. Qd2 Bb7 10. O-O-O b4 11. Ne2 Nf6 12. f3 Bc5 13. Kb1 d6 14. h4 Nd7 15. h5 h6 16. c3 a5 17. Nd4 Qb6 18. Bb5 Rd8 19. Rh3 bxc3 20. Qxc3 Ke7 21. a4 Ne5 22. Rg3 Rhg8 23. Ka1 Rc8 24. f4 Bxd4 25. Bxd4 Rxc3 26. Rxc3 1-0

[Event "BL 2324 SC Viernheim - Schachfreunde Dei"]
[Site "?"]
[Date "2024.02.23"]
[Round "9.4"]
[White "Mamedyarov, Shakhriyar"]
[Black "Zilka, Stepan"]
[Result "1-0"]
[WhiteElo "2722"]
[BlackElo "2597"]
[PlyCount "77"]
[EventDate "2024.??.??"]

1. d4 Nf6 2. c4 e6 3. Nc3 Bb4 4. f3 d5 5. a3 Bxc3+ 6. bxc3 c5 7. cxd5 Nxd5 8. dxc5 Nd7 9. e4 Ne7 10. Be3 O-O 11. Nh3 Qa5 12. Qb3 Qc7 13. a4 Nxc5 14. Qa3 Nd7 15. a5 Nc6 16. Bb5 Nce5 17. O-O Nc4 18. Bxc4 Qxc4 19. Rfd1 e5 20. Nf2 Nb8 21. Nd3 Nc6 22. Nc5 Rb8 23. Rd6 Rd8 24. Rad1 Rxd6 25. Rxd6 h6 26. h4 Kh7 27. Bf2 f6 28. a6 Qb5 29. axb7 Bxb7 30. Qa2 Bc8 31. Kh2 Ne7 32. Rxf6 Qb2 33. Qxb2 Rxb2 34. Rf7 Ng6 35. Bg3 a5 36. h5 Nf4 37. Bxf4 exf4 38. Rf8 Rb8 39. e5 1-0

[Event "BL 2324 SC Viernheim - Schachfreunde Dei"]
[Site "?"]
[Date "2024.02.23"]
[Round "9.5"]
[White "Dautov, Rustem"]
[Black "Maghsoodloo, Parham"]
[Result "1-0"]
[WhiteElo "2583"]
[BlackElo "2715"]
[PlyCount "143"]
[EventDate "2024.??.??"]

1. d4 Nf6 2. c4 g6 3. Nf3 Bg7 4. g3 c5 5. Bg2 cxd4 6. Nxd4 h5 7. Nc3 Nc6 8. b3 h4 9. Nxc6 bxc6 10. Bb2 Qa5 11. Qd2 Qf5 12. Qd3 Qxd3 13. exd3 h3 14. Bf3 Nh7 15. Rf1 Bb7 16. O-O-O O-O-O 17. Na4 Bxb2+ 18. Kxb2 e5 19. Bh1 d6 20. d4 Kc7 21. Rfe1 Bc8 22. c5 exd4 23. Re7+ Kb8 24. Bxc6 Ng5 25. Rxd4 dxc5 26. Rc4 Rd2+ 27. Ka3 Rxf2 28. Nxc5 a5 29. Ra4 Rf6 30. Bh1 Rf1 31. Bc6 Rf6 32. Bh1 Rf1 33. Bb7 Ne6 34. Rxa5 Nc7 35. Bxc8 Rxc8 36. Ra4 Rf5 37. Rb4+ Ka8 38. Ra4+ Kb8 39. Ra5 Rd8 40. Rd7 Re8 41. Rd4 Kc8 42. Rh4 Kd8 43. Rxh3 Ree5 44. Nb7+ Kd7 45. Rxe5 Rxe5 46. Ka4 Nd5 47. Rh7 Rf5 48. Nc5+ Kd6 49. Ne4+ Ke5 50. Nc5 Kd6 51. Nd3 Nc3+ 52. Ka3 Rf3 53. Rh8 Kc7 54. Ne5 Rf2 55. b4 Kd6 56. Nd3 Rd2 57. Nb2 Rf2 58. Kb3 Ne4 59. Nc4+ Kc6 60. a3 g5 61. Re8 f5 62. Re5 g4 63. b5+ Kd7 64. Kb4 Rxh2 65. Rxf5 Rh1 66. Rf4 Rb1+ 67. Ka5 Nxg3 68. Rxg4 Nf5 69. a4 Ne7 70. Ka6 Kc7 71. Nb6 Kb8 72. Rd4 1-0

[Event "BL 2324 SC Viernheim - Schachfreunde Dei"]
[Site "?"]
[Date "2024.02.23"]
[Round "9.6"]
[White "Anton Guijarro, David"]
[Black "Kozak, Adam"]
[Result "1/2-1/2"]
[WhiteElo "2672"]
[BlackElo "2600"]
[PlyCount "51"]
[EventDate "2024.??.??"]

1. d4 Nf6 2. Nf3 e6 3. c4 Bb4+ 4. Bd2 Bxd2+ 5. Qxd2 d5 6. cxd5 exd5 7. Qf4 O-O 8. Nc3 c6 9. e3 Re8 10. h3 Nbd7 11. Bd3 Nf8 12. O-O-O Ng6 13. Qg3 Ne7 14. Ne5 Bf5 15. Ng4 Nxg4 16. hxg4 Bxd3 17. Rxd3 Ng6 18. Rh5 f6 19. Rd1 h6 20. Qf3 Nh8 21. Ne2 Nf7 22. Qf5 Qe7 23. Ng3 Qe6 24. Rh4 Qxf5 25. Nxf5 Kf8 26. Rhh1 1/2-1/2

[Event "BL 2324 SC Viernheim - Schachfreunde Dei"]
[Site "?"]
[Date "2024.02.23"]
[Round "9.7"]
[White "Heimann, Andreas"]
[Black "Kryvoruchko, Yuriy"]
[Result "1/2-1/2"]
[WhiteElo "2552"]
[BlackElo "2657"]
[PlyCount "43"]
[EventDate "2024.??.??"]

1. e4 e5 2. Nf3 Nc6 3. Bb5 a6 4. Ba4 Nf6 5. O-O d6 6. Bxc6+ bxc6 7. d4 exd4 8. Nxd4 c5 9. Nc6 Qd7 10. Na5 Qa4 11. Nb3 Be7 12. Nc3 Qd7 13. Na5 O-O 14. b3 Re8 15. Qf3 Qg4 16. Qxg4 Nxg4 17. Nd5 Bd8 18. Nc6 Bb7 19. Nxd8 Raxd8 20. f3 Bxd5 21. exd5 Ne3 22. Bxe3 1/2-1/2

[Event "BL 2324 SC Viernheim - Schachfreunde Dei"]
[Site "?"]
[Date "2024.02.23"]
[Round "9.8"]
[White "Korobov, Anton"]
[Black "Kozul, Zdenko"]
[Result "1-0"]
[WhiteElo "2666"]
[BlackElo "2535"]
[PlyCount "149"]
[EventDate "2024.??.??"]

1. e4 c5 2. Nf3 d6 3. d4 cxd4 4. Nxd4 Nf6 5. Nc3 Nc6 6. Be2 e5 7. Nf3 h6 8. O-O Be7 9. Re1 O-O 10. h3 Be6 11. Bf1 Nb8 12. b3 Nbd7 13. Bb2 a6 14. a4 Re8 15. Nd2 Rc8 16. Nc4 Rc6 17. a5 Bxc4 18. Bxc4 Qc7 19. Re3 Rc5 20. Bd5 Rxa5 21. Rxa5 Qxa5 22. Bxb7 Rb8 23. Bc6 Nb6 24. Na4 Nxa4 25. Bxa4 Qb6 26. Ba3 a5 27. Qe2 Qb7 28. Qe1 Qa8 29. Kh2 h5 30. f3 Qa7 31. Rd3 Rc8 32. c4 Qc7 33. Qd2 Rd8 34. h4 g6 35. g3 Kg7 36. Kg2 Kg8 37. Bb2 Ra8 38. Bc3 Qc5 39. Qf2 Qc7 40. Bb5 Kh7 41. Qa2 Ra7 42. Rd1 Kg8 43. Be1 Qb8 44. Bf2 Ra8 45. Qa4 Qc7 46. b4 Bd8 47. Bc6 Rc8 48. b5 Kf8 49. Qa3 Be7 50. Qe3 Nd7 51. c5 Nf6 52. cxd6 Bxd6 53. Qb6 Qxb6 54. Bxb6 Bc7 55. Bxc7 Rxc7 56. b6 Rc8 57. b7 Rb8 58. Ra1 Ke7 59. Rxa5 Kd6 60. Ra8 Kc7 61. Kf2 Ng8 62. Bd5 Ne7 63. Rxb8 Kxb8 64. Bxf7 Kxb7 65. g4 Kc7 66. g5 Kc6 67. Ke3 Kc5 68. Kd3 Kb4 69. Kd2 Kc5 70. Kc3 Kb5 71. Be6 Kc5 72. Bd7 Kd6 73. Ba4 Kc7 74. Kc4 Nc6 75. Kd5 1-0

[Event "BL 2324 SG Solingen - SV Mülheim Nord"]
[Site "?"]
[Date "2024.02.23"]
[Round "9.1"]
[White "Tregubov, Pavel V."]
[Black "Warmerdam, Max"]
[Result "0-1"]
[WhiteElo "2567"]
[BlackElo "2617"]
[PlyCount "84"]
[EventDate "2024.??.??"]

1. e4 c5 2. Nf3 d6 3. Bb5+ Nd7 4. Ba4 Ngf6 5. O-O g6 6. Re1 Bg7 7. c3 O-O 8. d4 Qc7 9. Qe2 e6 10. Bb3 b5 11. e5 dxe5 12. dxe5 Nd5 13. Na3 a6 14. c4 bxc4 15. Nxc4 a5 16. a3 Ba6 17. Qe4 N5b6 18. Bf4 Rab8 19. Nfd2 Nxc4 20. Bxc4 Bb7 21. Qe3 Rfd8 22. Qg3 h6 23. h4 Nb6 24. Rac1 Rd4 25. b3 Rbd8 26. Nf3 Bxf3 27. Qxf3 a4 28. Bg3 Nxc4 29. bxc4 Qd7 30. Rc3 Rd1 31. Rxd1 Qxd1+ 32. Qxd1 Rxd1+ 33. Kh2 g5 34. hxg5 hxg5 35. Kh3 Kh7 36. f4 gxf4 37. Bxf4 Re1 38. Re3 Rc1 39. Re4 Rc3+ 40. g3 Bh6 41. Kg4 Rxa3 42. Re1 Kg6 0-1

[Event "BL 2324 SG Solingen - SV Mülheim Nord"]
[Site "?"]
[Date "2024.02.23"]
[Round "9.2"]
[White "Ragger, Markus"]
[Black "Vrolijk, Liam"]
[Result "1/2-1/2"]
[WhiteElo "2606"]
[BlackElo "2563"]
[PlyCount "63"]
[EventDate "2024.??.??"]

1. e4 e5 2. Nf3 Nc6 3. Bb5 a6 4. Ba4 Nf6 5. O-O Be7 6. Re1 b5 7. Bb3 O-O 8. a4 Rb8 9. axb5 axb5 10. h3 d6 11. c3 Bd7 12. d4 Ra8 13. Rxa8 Qxa8 14. Na3 Qb7 15. Bg5 Rd8 16. Ba2 Be8 17. Nc2 b4 18. Ne3 Nxe4 19. Bxe7 Nxe7 20. Qc2 bxc3 21. bxc3 Qc6 22. dxe5 Nxc3 23. Ng5 g6 24. Ng4 Nxa2 25. Qxa2 dxe5 26. Rxe5 h5 27. Nh6+ Kg7 28. Nhxf7 Rd1+ 29. Kh2 Qf6 30. Qe2 Bxf7 31. Rxe7 Qxg5 32. Rxf7+ 1/2-1/2

[Event "BL 2324 SG Solingen - SV Mülheim Nord"]
[Site "?"]
[Date "2024.02.23"]
[Round "9.3"]
[White "Beerdsen, Thomas"]
[Black "L'Ami, Erwin"]
[Result "0-1"]
[WhiteElo "2501"]
[BlackElo "2636"]
[PlyCount "118"]
[EventDate "2024.??.??"]

1. e4 e5 2. Nf3 Nc6 3. Bc4 Bc5 4. c3 Nf6 5. d4 exd4 6. cxd4 Bb4+ 7. Nc3 Nxe4 8. O-O Bxc3 9. d5 Bf6 10. Re1 Ne7 11. Rxe4 d6 12. Rf4 Ng6 13. Re4+ Ne7 14. Rf4 Ng6 15. Re4+ Be7 16. h4 O-O 17. h5 Ne5 18. Nxe5 dxe5 19. h6 Qd6 20. hxg7 Re8 21. Qh5 Qg6 22. Rxe5 Qxh5 23. Rf5 Qg5 24. Rxg5 Bg4 25. Re5 Bf6 26. Rxe8+ Rxe8 27. Be3 Bf5 28. Rd1 Bxb2 29. Bxa7 Kxg7 30. Be3 Be5 31. Bb3 Bd6 32. Rc1 b6 33. Rc4 Re4 34. Rc3 Kg6 35. Rc6 f6 36. Kf1 Rh4 37. Ke2 Bd7 38. Rc1 h5 39. g3 Rh2 40. Kd3 h4 41. gxh4 Rxh4 42. Kd2 Bf5 43. Rc6 Be5 44. Rc1 Bd6 45. Rc6 Bd7 46. Rc1 Bb5 47. Kc3 Be5+ 48. Kd2 Kg7 49. Rg1+ Kf8 50. Rg6 Ke7 51. Bg5 Rd4+ 52. Ke3 Kf7 53. Bxf6 Rd3+ 54. Ke4 Bxf6 55. Rg1 Rd4+ 56. Ke3 Ke7 57. Rh1 Rh4 58. Rg1 Bd4+ 59. Kf3 Rh3+ 0-1

[Event "BL 2324 SG Solingen - SV Mülheim Nord"]
[Site "?"]
[Date "2024.02.23"]
[Round "9.4"]
[White "Andersen, Mads"]
[Black "Feygin, Michael"]
[Result "1-0"]
[WhiteElo "2600"]
[BlackElo "2459"]
[PlyCount "102"]
[EventDate "2024.??.??"]

1. e4 e6 2. d4 d5 3. Nd2 Nf6 4. e5 Nfd7 5. c3 c5 6. f4 Nc6 7. Ndf3 Qb6 8. a3 a5 9. b3 Be7 10. h4 Qc7 11. Be3 b6 12. Kf2 Bb7 13. Bd3 h6 14. Ne2 O-O-O 15. h5 f6 16. Kg1 Rhf8 17. Rh3 fxe5 18. fxe5 Ndxe5 19. dxe5 Nxe5 20. Nxe5 Qxe5 21. Qd2 d4 22. cxd4 cxd4 23. Rc1+ Bc5 24. Bf4 Qd5 25. Rg3 e5 26. Bxe5 Qxe5 27. b4 axb4 28. axb4 Rd7 29. bxc5 bxc5 30. Qa5 Rc7 31. Ba6 Rf5 32. Bxb7+ Rxb7 33. Qa8+ Kc7 34. Qa5+ Kd7 35. Qa6 Rc7 36. Qg6 Rg5 37. Qf7+ Kc6 38. Rxg5 hxg5 39. Qf3+ Kd7 40. Kh1 Ke7 41. Ng3 Kd7 42. Nf5 Rc6 43. Nxd4 Qxd4 44. Rd1 Rd6 45. Rxd4 cxd4 46. Qf7+ Kc6 47. Qxg7 d3 48. Qc3+ Kb5 49. Qd2 Kc4 50. Kg1 g4 51. Kf2 Kd5 1-0